000 00764nam a2200253 i 4500
001 77917
003 ES-MaACL
005 20230906173439.0
007 t|
008 041115s1978 sp ||||1| spa d
017 _aB 12789-1978
020 _a84-211-0345-8
080 _a946(04)"1939/1975"
100 1 _aRoa Ventura, Agustín.
_997771
245 1 0 _aAgonía y muerte del franquismo
_b: (una memoria) /
_cAgustín Roa Ventura.
250 _a1ª ed.
260 _a[Barcelona] :
_bBarral,
_c1978.
300 _a427 p. ;
_c20 cm.
490 1 _aSerie de repuesta ;
_v144
651 4 _aEspaña-
_xHistoria-
_y1939-1975, Dictadura.
_9167928
830 0 _aSerie de repuesta ;
_v144
_9231371
852 _aES-MaACL
_jE-10384
_bR.131016
999 _c77917
_d77917